000 00465nam a2200193Ia 4500
005 20250603145645.0
008 250603s9999 xx 000 0 und d
020 _a9788126532230
050 _aG 70.4 .L55/
100 _aLillesand, Thomas M.
245 0 _aRemote sensing and image interpretation
250 _a6th ed.
260 _aNew Delhi
260 _bWiley India Pvt. Ltd.
260 _c2008
300 _a756 p
650 _aNew Delhi
942 _cBK
999 _c42476
_d42476